خدمات الإعارة فى المكتبة الحديثة / (رقم التسجيلة. 92911)

تفاصيل مارك
000 -LEADER
fixed length control field 01654cam a2200337 a 4500
003 - CONTROL NUMBER IDENTIFIER
control field EG-GiCUC
008 - FIXED-LENGTH DATA ELEMENTS--GENERAL INFORMATION
fixed length control field 070305s1994 su f f000 0 ara d
017 ## - COPYRIGHT OR LEGAL DEPOSIT NUMBER
Copyright or legal deposit number 1414 / 2100
Assigning agency السعودية.مكتبة الملك فهد الوطنية
020 ## - INTERNATIONAL STANDARD BOOK NUMBER
International Standard Book Number 9960000281
040 ## - CATALOGING SOURCE
Original cataloging agency EG-GiCUC
Language of cataloging ara
Transcribing agency EG-GiCUC
050 #4 - LIBRARY OF CONGRESS CALL NUMBER
Classification number Z712.
Item number H8 1994
092 04 - LOCALLY ASSIGNED DEWEY CALL NUMBER (OCLC)
Classification number 025.6
Item number H989
Edition number 21
099 ## - LOCAL FREE-TEXT CALL NUMBER (OCLC)
Classification number 04
-- 025.6 H989
100 1# - MAIN ENTRY--PERSONAL NAME
Personal name الحزيمي: سعود عبد الله.
245 10 - TITLE STATEMENT
Title خدمات الإعارة فى المكتبة الحديثة /
Statement of responsibility, etc. سعود بن عبدالله الحزيمي.
246 30 - VARYING FORM OF TITLE
Title proper/short title .الإعارة فى المكتبة الحديثة
260 ## - PUBLICATION, DISTRIBUTION, ETC.
Place of publication, distribution, etc. الرياض :
Name of publisher, distributor, etc. مكتبة الملك فهد الوطنية:
Date of publication, distribution, etc. 1994.
300 ## - PHYSICAL DESCRIPTION
Extent 129ص. ؛
Dimensions 24 .سم
490 1# - SERIES STATEMENT
Series statement مطبوعات مكتبة الملك فهد الوطنية . السلسلة الأولى ؛
Volume/sequential designation 15
500 ## - GENERAL NOTE
General note النسخة رقم (127201) اهداء مكتبة البابطين المركزية
500 ## - GENERAL NOTE
General note النسخة رقم (144173) اهداء الملحقية الثقافية
504 ## - BIBLIOGRAPHY, ETC. NOTE
Bibliography, etc. note يشتمل على ارجاعات ببليوجرافية (ص127-129)
650 #7 - SUBJECT ADDED ENTRY--TOPICAL TERM
Topical term or geographic name entry element الإعارة (مكتبات).
Source of heading or term qrmak
830 #0 - SERIES ADDED ENTRY--UNIFORM TITLE
Uniform title مطبوعات مكتبة الملك فهد الوطنية .
Number of part/section of a work السلسلة الاولى ؛
Volume/sequential designation 15
902 ## - LOCAL DATA ELEMENT B, LDB (RLIN)
No. of Items 4
905 ## - LOCAL DATA ELEMENT E, LDE (RLIN)
Cataloger ايمان ع
Reviser مراجع
905 ## - LOCAL DATA ELEMENT E, LDE (RLIN)
Cataloger منى
Reviser مدخل
942 ## - ADDED ENTRY ELEMENTS (KOHA)
Source of classification or shelving scheme Dewey Decimal Classification
Koha item type Books
المقتنيات
Source of classification or shelving scheme Not for loan Home library Current library Date acquired Full call number Barcode Date last seen Koha item type Copy number
Dewey Decimal Classification   المكتبة المركزبة الجديدة - جامعة القاهرة قاعة الكتب - الدور الثاني 11.02.2024 025.6 H4989 01000100100487000 22.09.2023 Books C.1
Dewey Decimal Classification   المكتبة المركزبة الجديدة - جامعة القاهرة قاعة الكتب - الدور الثاني 11.02.2024 025.6 H989 01000100100846000 22.09.2023 Books C.2
Dewey Decimal Classification   المكتبة المركزبة الجديدة - جامعة القاهرة مخزن الكتب - البدروم 11.02.2024 025.6 H4989 c.3 Store 01000100127201000 22.09.2023 Books  
Dewey Decimal Classification   المكتبة المركزبة الجديدة - جامعة القاهرة مخزن الكتب - البدروم 11.02.2024 025.6 H4989 c.4 Store 01000100144173000 22.09.2023 Books  
Cairo University Libraries Portal Implemented & Customized by: Eng. M. Mohamady Contacts: new-lib@cl.cu.edu.eg | cnul@cl.cu.edu.eg
CUCL logo CNUL logo
© All rights reserved — Cairo University Libraries
CUCL logo
Implemented & Customized by: Eng. M. Mohamady Contact: new-lib@cl.cu.edu.eg © All rights reserved — New Central Library
CNUL logo
Implemented & Customized by: Eng. M. Mohamady Contact: cnul@cl.cu.edu.eg © All rights reserved — Cairo National University Library